Reglamento para los mercados de México formado de orden del exmo. señor virrey conde de revillagigedo especialmente para el principal establecimiento en la plaza del volador. (Record no. 8296)

MARC details
000 -CABECERA
campo de control de longitud fija 01591nam a2200277 a 4500
001 - NÚMERO DE CONTROL
campo de control BRCA_8636
005 - FECHA Y HORA DE LA ÚLTIMA TRANSACCIÓN
campo de control 20190320210343.0
008 - DATOS DE LONGITUD FIJA--INFORMACIÓN GENERAL
campo de control de longitud fija 220916s1791----mx-#######---#000-0#spa-#
041 ## - CÓDIGO DE LENGUA
Código de lengua del texto/banda sonora o título independiente spa
044 ## - CÓDIGO DEL PAÍS DE LA ENTIDAD EDITORA/PRODUCTORA
Código MARC del país mx
050 #4 - SIGNATURA TOPOGRÁFICA DE LA BIBLIOTECA DEL CONGRESO
Número de clasificación NA9068
Número de documento/Ítem .R44
-- 1791
245 10 - MENCIÓN DE TÍTULO
Título Reglamento para los mercados de México formado de orden del exmo. señor virrey conde de revillagigedo especialmente para el principal establecimiento en la plaza del volador.
260 ## - PUBLICACIÓN, DISTRIBUCIÓN, ETC.
Lugar de publicación, distribución, etc. México
Nombre del editor, distribuidor, etc. Don Felipe de Zuñiga y Ontiveros
Fecha de publicación, distribución, etc. 1791
300 ## - DESCRIPCIÓN FÍSICA
Extensión 10 p.
Dimensiones 30 cm
500 ## - NOTA GENERAL
Nota general Fondo antiguo
500 ## - NOTA GENERAL
Nota general Se encuentra en Caja Fuerte
500 ## - NOTA GENERAL
Nota general D-127?
500 ## - NOTA GENERAL
Nota general Estado físico: deteriorado, hojas desprendidas
500 ## - NOTA GENERAL
Nota general Nota de encuadernación: carpeta de piel de becerro
505 0# - NOTA DE CONTENIDO CON FORMATO
Nota de contenido con formato Caperta que contiene otros documentos: Cuaderno 3° Real Provisión librada a fabor del 3er Dn Franco Maldonado Zapata contra el Dr Domingo de Apresa y Moctezuma.-- R. Tribunal importante cuerpo de la minería de N. E. y ha de ser tenido y atendido por.-- Titulos de ntra casitas hubicada en el Barrio de Santiago perteneciente a Dn Alejo Antonio Suarez.-- Los inquisidores apostolicos contra la hereterica pravedad y postaría en esta ciudad de México. Estados y provincias de esta Nueva España, Guatemala, Nicaragua, Islas Philipinas y su distrito por autoridad apostolica, Real y Ordinaria, & c.
506 0# - NOTA DE RESTRICCIONES AL ACCESO
Limitaciones de acceso Fondo reservado: para su consulta es necesario credencial de usuario y carta de motivos
650 14 - PUNTO DE ACCESO ADICIONAL DE MATERIA--TÉRMINO DE MATERIA
Término de materia o nombre geográfico como elemento de entrada Plazas
Subdivisión geográfica México
9 (RLIN) 3120
650 14 - PUNTO DE ACCESO ADICIONAL DE MATERIA--TÉRMINO DE MATERIA
Término de materia o nombre geográfico como elemento de entrada Historia
Subdivisión geográfica México
9 (RLIN) 10416
902 ## - CATALOGADOR
Iniciales LAR
942 ## - ELEMENTOS DE PUNTO DE ACCESO ADICIONAL (KOHA)
Fuente del sistema de clasificación o colocación Library of Congress Classification
Tipo de ítem Koha Libros
Holdings
Estado de retiro Estado de pérdida Estado dañado No para préstamo Localización permanente Ubicación/localización actual Fecha de adquisición Número de inventario Total de préstamos Signatura topográfica completa Código de barras Fecha visto por última vez Precio válido a partir de Tipo de ítem Koha
El ejemplar forma parte de la colección y puede ser consultado según las políticas vigentes.       Biblioteca del Museo Franz Mayer (Rogerio Casas-Alatriste) Biblioteca del Museo Franz Mayer (Rogerio Casas-Alatriste) 22/09/2016 D-127?   NA9068 .R44 1791 (D-127?) LAR00142 22/03/2019 22/03/2019 Libros